000 nam a22 7a 4500
999 _c7145
_d7145
008 170725b xxu||||| |||| 00| 0 eng d
100 _93722
_aBrainwave`s
245 _aWeb page Publishing
260 _aNew Delhi
_bBrainwave informatics publishing co
_c2008